Statistics for Killing Eve Episodes BBC America

Click here to take the quiz!

General Stats

  • This quiz has been taken 111 times
    (67 since last reset)
  • The average score is 9 of 24

Answer Stats

episode numberepisode title% Correct
6Take Me to the Hole
70%
4Sorry Baby
66%
1Nice Face
64%
8You're Mine
59%
are you from pinner
45%
8God, I'm Tired
45%
Are you leading or am I
43%
3Don't I Know You
41%
Management sucks
41%
season 3Slowly slowly catchy monkey
41%
3The Hungry Caterpillar
41%
6I Hope You Like Missionary
39%
Meetings have biscuits
36%
7I Don't Want to Be Free
34%
5I Have a Thing About Bathrooms
34%
5Smell Ya Later
34%
7Wide Awake
34%
2Nice and Neat
32%
Beautiful monster
30%
4Desperate Times
27%
still got it
27%
2I'll Deal With Him Later
25%
End of game
20%
season 2Do You Know to How Dispose of a Body
5%

Score Distribution

Percentile by Number Answered

Percent of People with Each Score

Your Score History

You have not taken this quiz since the last reset